00595nam a2200169 a 4500001001000000003000900010005001700019008004100036040002500077082001400102110004700116245009900163260007000262300002700332500004200359700002400401000030476DO-SdBNP20250714105710.0110518s1981 dr a 000 0 spa d aDO-SdBNPbspacBNPHU 4axxxbC9652 aBanco Central de la República Dominicana10aCuentas nacionales 1975-1979 :bproducto nacional bruto /cpresentación ; Ramón Reynoso V. aSanto Domingo :bBanco Central de la Republica Dominicana,c1981. a87 p. :bil. ;c28 cm. aIncluye notas al pie de las páginas1 aReynoso V., Ramón